| 000 | 00891nam a2200265Ia 4500 | ||
|---|---|---|---|
| 003 | OSt | ||
| 005 | 20221005133612.0 | ||
| 006 | a|||||r|||| 00| 0 | ||
| 007 | ta | ||
| 008 | 221004b |||||||| |||| 00| 0 hin d | ||
| 020 |
_a8187418869 _c2000 |
||
| 024 | _a83991 | ||
| 037 |
_b518, 28/03/2006, New Bharatiya Book Corporation _cTextual |
||
| 040 |
_aCRL _cCRL _bhin |
||
| 041 |
_2hin _ahin |
||
| 082 | _aQ2:4x1,1:g, 152M0;P4.1-.2 | ||
| 100 | _aप्रलयंकर, प्रवीण, अनु. | ||
| 245 | 0 | _aमनुस्मृति | |
| 246 | _aManusmṛuti | ||
| 260 | _c2004 | ||
| 300 |
_a1394पृ0 _ccm. |
||
| 650 | _aधर्मशास्त्र | ||
| 942 |
_hQ2:4x1,1:g, 152M0;P4.1-.2 _cTEXL _2cc |
||
| 999 |
_c1067322 _d1067322 |
||